| 000 | 00430nam a2200157Ia 4500 | ||
|---|---|---|---|
| 005 | 20250326134500.0 | ||
| 008 | 231217s9999 xx 000 0 und d | ||
| 020 | _a9788131405385 | ||
| 082 | _a658.3 TRI;1 R | ||
| 100 | _aTripathy, Kumuda, Laxman ed. | ||
| 245 | 0 | _aGlimpses of strategic HRM : concepts and cases | |
| 260 |
_c2006 _bIcfai _aHyderabad |
||
| 300 | _axi, 214 | ||
| 650 | _aGlimpses,strategic,HRM | ||
| 942 | _cAA | ||
| 999 |
_c187222 _d187222 |
||